000 01480nam a22003017a 4500
001 1079
005 20231101160151.0
020 _a9789995054359
040 _aFISKH
_beng
_cFISKH
_dFISKH
082 _a796.14
100 _aVanthary, Oum
245 _aសៀវភៅរូបភាព​ កម្សាន្ត​ /
246 _aPicture book leisure
250 _a10th Published in November 2021.
260 _aPhnom Penh :
_bSipar,
_c2021.
300 _a25 unnumberd pages :
_bcolor illustrations,
_c20 x 21 cm.
505 _aG
520 _aកុមារតូចនឹងបានរៀនអំពីពាក្យដំបួង ជាមួយនឹងផ្ទាំងគំនូររូបភាពពណ៍ដែលនឹងលើកយកមកបង្ហាញអំពី លេខ ពណ៍ រាង ល្បែង ភ្លេង កីឡា ទីក្រុង សមុទ្រ​ និងស្រុកស្រែ។​
520 _aBasic vocabulary is introduced to children with paintings of numbers, colors, shapes, games, music, sports, city, sea, and countryside.
521 _a 350
_bLexile estimate
521 _aG
_bRaz-Plus
650 _aរូបភាព
_vរូបរាង
_xពណ៍
650 _aល្បែង
_vតន្រ្តី
_xកីឡា
650 _aNumber
_vshape
_xcolor
650 _aGame
_vMusic
_xSport
700 _aRotha, Ouk
_cillustrator
942 _2ddc
_cBK
_n0
999 _c1079
_d1079